000
002360000a22000970004500
100
1
_a
Albiac, María Dolores
245
1
0
_a
Hasta luego a las armas
300
_a
Vol. 11, Núm 11 (1993), Páginas 47-48
773
0
_t
Cambio 16
942
_c
ANA
999
_c
58506
_d
58506